| Tag |
First Indicator |
Second Indicator |
Subfields |
| LEADER |
00000cgm a2200000Mi 4500 |
| 001 |
in00005554521 |
| 006 |
m o c |
| 007 |
cr ||||||||||| |
| 008 |
100813s1936 cau--- o vleng d |
| 005 |
20241201230822.4 |
| 035 |
|
|
|a (OCoLC)ocn853112540
|
| 040 |
|
|
|a UBY
|b eng
|e pn
|c UBY
|d OCLCO
|d OCLCQ
|d OCLCO
|d OCLCL
|d OCLCQ
|
| 035 |
|
|
|a (OCoLC)853112540
|
| 049 |
|
|
|a TXAM
|
| 245 |
0 |
0 |
|a Universal Newsreels, Release 512, November 18, 1936.
|
| 264 |
|
1 |
|c 18 Nov 1936.
|
| 264 |
|
1 |
|a Hollywood, CA :
|b Universal Pictures Company Incorporated,
|c 1936.
|
| 300 |
|
|
|a 1 online resource.
|
| 306 |
|
|
|a 000758
|
| 336 |
|
|
|a two-dimensional moving image
|b tdi
|2 rdacontent
|
| 337 |
|
|
|a computer
|b c
|2 rdamedia
|
| 338 |
|
|
|a online resource
|b cr
|2 rdacarrier
|
| 546 |
|
|
|a In English.
|
| 653 |
0 |
2 |
|a Democratic National Committee. Women's Division
|
| 653 |
0 |
1 |
|a Rhee, Syngman, 1875-1965
|
| 653 |
0 |
1 |
|a Taylor, Maxwell Davenport, 1901-1987
|
| 653 |
0 |
0 |
|a Military ceremonies
|
| 653 |
0 |
0 |
|a Navy ships
|
| 653 |
0 |
0 |
|a World War II, 1939-1945
|
| 653 |
0 |
4 |
|a Depression & World War II (1929-1945)
|
| 653 |
0 |
6 |
|a Documentary
|
| 653 |
0 |
4 |
|a 1936
|
| 653 |
0 |
5 |
|a Philadelphia, PA
|
| 655 |
|
0 |
|a Streaming video.
|
| 700 |
1 |
|
|a McNamee, Graham.
|4 nrt
|
| 700 |
1 |
|
|a Truman, Harry S.,
|d 1884-1972.
|4 spk
|1 https://id.oclc.org/worldcat/entity/E39PBJmdptRc6CPh6VWHk3T4MP
|
| 710 |
2 |
|
|a Universal Newsreel.
|4 asg
|
| 758 |
|
|
|i has work:
|a Universal Newsreels, Release 512, November 18, 1936 (MovingImage)
|1 https://id.oclc.org/worldcat/entity/E39PCGrYjhvxRVp6F8WyGB8V4q
|4 https://id.oclc.org/worldcat/ontology/hasWork
|
| 856 |
4 |
0 |
|u http://proxy.library.tamu.edu/login?url=https://www.aspresolver.com/aspresolver.asp?AVN2;1788835
|z Connect to this streaming video (Alexander Street Press)
|t 0
|
| 955 |
|
|
|a Alexander Street Press subscription streaming video
|
| 994 |
|
|
|a 92
|b TXA
|
| 999 |
f |
f |
|s 4050c657-9ebf-4cf4-9da5-bafab64fe194
|i 5618142c-27ef-430f-b4b4-c78456d656d7
|t 0
|
| 952 |
f |
f |
|a Texas A&M University
|b College Station
|c Electronic Resources
|d Available Online
|t 0
|h Library of Congress classification
|
| 998 |
f |
f |
|t 0
|l Available Online
|